[Event "POL-chT3"]
[Site "Jastrzebia Gora POL"]
[Date "2016.09.10"]
[Round "8.51"]
[White "Fudalej, Michal"]
[Black "Puczylowski, Marcin"]
[Result "0-1"]
[WhiteElo "2211"]
[BlackElo "2101"]
[EventDate "2016.09.02"]

1.Nf3 Nf6 2.g3 b6 3.Bg2 Bb7 4.c4 e6 5.b3 d5 6.Bb2 Nbd7 7.O-O Bd6 8.d4 O-O 
9.Nbd2 Qe7 10.Ne5 Rfd8 11.Rc1 c5 12.cxd5 exd5 13.Nxd7 Rxd7 14.Re1 Re8 15.
dxc5 Bxc5 16.e3 Ne4 17.Qe2 Bb4 18.Bxe4 dxe4 19.Red1 Red8 20.Nb1 Rd3 21.Bd4
Ba6 22.Qg4 f6 23.Kg2 Bc5 24.Bxc5 bxc5 25.Nc3 Bc8 26.Qh5 g6 27.Qh4 Qe5 28.
Rxd3 exd3 29.Nd1 d2 30.Rc2 Bb7+ 31.f3 Bxf3+ 32.Kxf3 Qf5+ 33.Ke2 Qxc2 0-1

[Event "POL-chT3"]
[Site "Jastrzebia Gora POL"]
[Date "2016.09.10"]
[Round "8.52"]
[White "Kanarkiewicz, Michal"]
[Black "Fudalej, Grzegorz"]
[Result "1-0"]
[WhiteElo "2016"]
[BlackElo "2137"]
[EventDate "2016.09.02"]

1.e4 c6 2.d4 d5 3.f3 g6 4.Nc3 Bg7 5.Be3 Be6 6.Qd2 b5 7.exd5 Bxd5 8.Nxd5 
Qxd5 9.Bd3 Bxd4 10.Be4 Bxe3 11.Qxd5 cxd5 12.Bxd5 Nf6 13.Bxa8 O-O 14.Ke2 
Bb6 15.Bb7 Nbd7 16.Bc6 Rc8 17.Bxd7 Nxd7 18.Rc1 Ne5 19.b3 Rc3 20.Kd2 Ba5 
21.Kd1 Rc7 22.Ke2 Bb4 23.c3 Bxc3 24.Nh3 b4 25.Rhd1 Rc6 26.f4 Ng4 27.Kf3 h5
28.Nf2 Re6 29.Nxg4 hxg4+ 30.Kf2 Rf6 31.Kg3 Re6 32.Kf2 Rf6 33.g3 g5 34.Ke3 
gxf4+ 35.gxf4 Re6+ 36.Kf2 Re4 37.Rd7 Rxf4+ 38.Kg2 Bd4 39.Rxe7 Rf2+ 40.Kg3 
Rxa2 41.Rc4 Kf8 42.Re4 Bc3 43.Rc7 Ra1 44.Kxg4 Rh1 45.h4 Rg1+ 46.Kf5 Rf1+ 
47.Rf4 Rg1 48.Ke4 Re1+ 49.Kd5 Re7 50.Rxe7 Kxe7 51.h5 1-0

[Event "POL-chT3"]
[Site "Jastrzebia Gora POL"]
[Date "2016.09.10"]
[Round "8.53"]
[White "Piotrowski, Przemyslaw"]
[Black "Kasperek, Joanna"]
[Result "1-0"]
[WhiteElo "2252"]
[BlackElo "2049"]
[EventDate "2016.09.02"]

1.Nf3 c5 2.g3 Nc6 3.Bg2 g6 4.O-O Bg7 5.c4 d6 6.Nc3 e5 7.d3 Nge7 8.Nd5 Nxd5
9.cxd5 Ne7 10.Nd2 O-O 11.a4 f5 12.Nc4 f4 13.b4 cxb4 14.a5 fxg3 15.hxg3 e4 
16.Bb2 Bxb2 17.Nxb2 Nxd5 18.dxe4 Nc3 19.Qb3+ Kh8 20.Bf3 Bh3 21.Qxb4 Qf6 
22.e5 Qxe5 23.Nd3 Qf6 24.Rfc1 Rac8 25.Qxb7 Qd4 26.Nf4 Rxf4 27.gxf4 Qxf4 
28.Qb2 Qe5 29.Qd2 Rc4 30.Qe3 Qxe3 31.fxe3 Be6 32.a6 g5 33.Kf2 g4 34.Bg2 
Rc5 35.Ke1 h5 36.Kd2 Nb5 37.Rxc5 dxc5 38.Rb1 Bd7 39.Rh1 Be8 40.Rc1 h4 41.
Rxc5 h3 42.Bb7 g3 43.Ke1 Kh7 44.Kf1 Nd6 45.Bf3 Kh6 46.Kg1 Bf7 47.Rc6 1-0

[Event "POL-chT3"]
[Site "Jastrzebia Gora POL"]
[Date "2016.09.10"]
[Round "8.54"]
[White "Murawko, Katarzyna"]
[Black "Zmarzly, Aleksandra"]
[Result "1-0"]
[WhiteElo "2031"]
[BlackElo "2011"]
[EventDate "2016.09.02"]

1.e4 e6 2.d4 d5 3.Nc3 Nf6 4.e5 Nfd7 5.f4 c5 6.Nf3 a6 7.Be3 Qb6 8.Rb1 Nc6 
9.Qd2 Qa7 10.Nd1 b5 11.c3 Rb8 12.Bd3 g6 13.O-O c4 14.Bc2 b4 15.Nf2 Na5 16.
Qe2 Qc7 17.g4 h5 18.Ng5 Nb6 19.f5 gxf5 20.gxf5 b3 21.axb3 cxb3 22.Bd3 Nac4
23.Bc1 Qe7 24.Nfh3 Rb7 25.Kh1 h4 26.fxe6 Bxe6 27.Nxe6 Qxe6 28.Ng5 Qc6 29.
Rf6 Qc8 30.e6 fxe6 31.Bg6+ Ke7 32.Rxe6+ Kd7 33.Bf5 1-0

[Event "POL-chT3"]
[Site "Jastrzebia Gora POL"]
[Date "2016.09.10"]
[Round "8.55"]
[White "Brzezinski, Mateusz"]
[Black "Garbowski, Jakub"]
[Result "0-1"]
[WhiteElo "2144"]
[BlackElo "2030"]
[EventDate "2016.09.02"]

1.e4 c5 2.Nf3 e6 3.d4 cxd4 4.Nxd4 Nf6 5.Bd3 Nc6 6.Nxc6 dxc6 7.O-O e5 8.Nd2
Qc7 9.Nc4 Bc5 10.Qf3 b5 11.Ne3 Be6 12.a4 b4 13.Nf5 Bxf5 14.Qxf5 O-O 15.Bg5
Ne8 16.Kh1 Bd4 17.c3 bxc3 18.bxc3 Bxc3 19.Rac1 Bd4 20.f4 Nd6 21.Qh3 f6 22.
Qe6+ Kh8 23.fxe5 Bxe5 24.Be3 Qc8 25.Qxc8 Rfxc8 26.Rc5 Rab8 27.Rb1 Rxb1+ 
28.Bxb1 Nb7 29.Rc1 c5 30.Bd3 Rd8 31.Ba6 Na5 32.Rxc5 Rd1+ 33.Bg1 Rxg1+ 0-1

[Event "POL-chT3"]
[Site "Jastrzebia Gora POL"]
[Date "2016.09.10"]
[Round "8.56"]
[White "Siedlinski, Piotr"]
[Black "Kujawski, Adam"]
[Result "1/2-1/2"]
[WhiteElo "2107"]
[BlackElo "2296"]
[EventDate "2016.09.02"]

1.e4 e6 2.d4 d5 3.exd5 exd5 4.Bd3 Bd6 5.Qf3 Qf6 6.c3 Qxf3 7.Nxf3 Ne7 8.Bg5
f6 9.Bh4 Bf5 10.Bxf5 Nxf5 11.Bg3 Nd7 12.Bxd6 Nxd6 13.Nbd2 Kf7 14.O-O Rae8 
15.Rfe1 c5 16.Kf1 c4 17.Rxe8 Rxe8 18.Ne1 a5 19.Nc2 b5 20.a4 bxa4 21.Rxa4 
Rb8 22.Ra2 Ke6 23.Ne3 f5 24.f4 h6 25.Nf3 Rb5 26.Ke2 Ne4 27.Nh4 Nd6 28.Nf3 
Ne4 29.Nh4 Nd6 30.Nf3 Ne4 31.Nh4 1/2-1/2

[Event "POL-chT3"]
[Site "Jastrzebia Gora POL"]
[Date "2016.09.10"]
[Round "8.57"]
[White "Gralka, Przemyslaw"]
[Black "Rosicki, Marcin"]
[Result "1/2-1/2"]
[WhiteElo "2283"]
[BlackElo "1887"]
[EventDate "2016.09.02"]

1.d4 c5 2.dxc5 e6 3.Nf3 Bxc5 4.e3 d5 5.c4 Nf6 6.a3 a5 7.Nc3 O-O 8.cxd5 
Nxd5 9.Nxd5 Qxd5 10.Qxd5 exd5 11.b3 Bg4 12.Bb2 Bxf3 13.gxf3 Rd8 14.O-O-O 
Nc6 15.Bb5 Rac8 16.Kb1 Na7 17.Bd3 Nc6 18.Rhg1 g6 19.f4 Bf8 20.Be2 Bg7 21.
Rd3 d4 22.e4 Bh6 23.Bc1 Na7 24.Rh3 Bg7 25.Rd1 Bf6 26.Bb2 Nc6 27.Bb5 Na7 
28.Bc4 Nc6 29.Rhd3 a4 30.R1d2 axb3 31.Bxb3 Na5 32.Bd5 Nc4 33.Bxc4 Rxc4 34.
Ka2 Kf8 35.Kb3 Rc5 36.Bxd4 Bxd4 37.Rxd4 Rxd4 38.Rxd4 Rh5 39.Rd7 Rxh2 40.
Rxb7 Rxf2 41.a4 Rf1 42.Rc7 h5 43.a5 h4 44.Rc3 Ke7 45.Kb4 Kd7 46.a6 Ra1 47.
Kb5 Rb1+ 48.Ka5 Ra1+ 49.Kb6 Rb1+ 50.Ka7 Rb4 51.Rd3+ Kc7 52.Rc3+ Kd7 53.Re3
f6 54.Ka8 g5 55.fxg5 fxg5 56.e5 Ke6 57.a7 g4 58.Rh3 gxh3 1/2-1/2

[Event "POL-chT3"]
[Site "Jastrzebia Gora POL"]
[Date "2016.09.10"]
[Round "8.58"]
[White "Guzik, Jolanta"]
[Black "Kulczyk, Pawel"]
[Result "1/2-1/2"]
[WhiteElo "1990"]
[BlackElo "2095"]
[EventDate "2016.09.02"]

1.c4 c5 2.Nc3 Nc6 3.g3 Nf6 4.Bg2 e6 5.e4 d6 6.Nge2 Nd4 7.d3 Be7 8.h3 O-O 
9.Be3 e5 10.O-O Bd7 11.f4 Rb8 12.Nd5 Nxd5 13.exd5 f6 14.Nc3 b5 15.b3 Qa5 
16.Bd2 Qc7 17.Kh2 a5 18.Be4 f5 19.Bg2 Bf6 20.Rb1 b4 21.Ne2 Nxe2 22.Qxe2 
Rbe8 23.Qf2 a4 24.Rfe1 axb3 25.axb3 Ra8 26.Bc1 Rfe8 27.Re2 exf4 28.Bxf4 
Rxe2 29.Qxe2 Re8 30.Qd2 Bc3 31.Qa2 Qb6 32.Bf3 Be5 33.Re1 Bxf4 34.Rxe8+ 
Bxe8 35.gxf4 Qd8 36.Kg3 Qe7 37.Qe2 Qxe2 38.Bxe2 Kf7 39.h4 Kf6 40.Bd1 g6 
41.Be2 h6 42.Bd1 g5 43.hxg5+ hxg5 44.Be2 1/2-1/2

[Event "POL-chT3"]
[Site "Jastrzebia Gora POL"]
[Date "2016.09.10"]
[Round "8.59"]
[White "Stoppel, Mariusz"]
[Black "Korcz, Daniel"]
[Result "0-1"]
[WhiteElo "2039"]
[BlackElo "1784"]
[EventDate "2016.09.02"]

1.e4 e5 2.Nf3 Nc6 3.d4 exd4 4.Nxd4 Nf6 5.Nc3 Bb4 6.Nxc6 bxc6 7.Bd3 d5 8.
exd5 cxd5 9.O-O O-O 10.Bg5 c6 11.Qf3 h6 12.Bxf6 Qxf6 13.Qxf6 gxf6 14.h3 
Kh8 15.a3 Bd6 16.f4 Rg8 17.Rf3 Bd7 18.b4 Rg7 19.Rd1 a5 20.Rb1 axb4 21.axb4
Rag8 22.Bf1 Bf5 23.g4 h5 24.g5 fxg5 25.fxg5 Rxg5+ 26.Kf2 Bg3+ 27.Ke3 Bxc2 
28.Rb2 Re8+ 29.Kd2 Bg6 30.Ne2 Be5 31.Ra2 Rb8 32.Rb3 c5 33.h4 Rg4 34.Re3 
Bd6 35.Ra6 d4 36.Rf3 Be5 37.bxc5 Rb2+ 38.Kd1 d3 39.Nc1 d2 40.Nd3 Bxd3 41.
Bxd3 Rg1+ 42.Rf1 Rxf1+ 43.Bxf1 Rb1+ 44.Kxd2 Rxf1 45.Rh6+ Kg7 46.Rxh5 f6 
47.c6 Ra1 48.Rf5 Ra6 49.h5 Kh6 50.Kd3 Rxc6 51.Ke3 Rc3+ 52.Ke4 Rh3 53.Rf1 
Rxh5 54.Rg1 Rg5 0-1

[Event "POL-chT3"]
[Site "Jastrzebia Gora POL"]
[Date "2016.09.10"]
[Round "8.60"]
[White "Pluta, Natalia"]
[Black "Mackiewicz, Anna"]
[Result "1/2-1/2"]
[WhiteElo "1623"]
[BlackElo "1943"]
[EventDate "2016.09.02"]

1.c4 Nf6 2.g3 e6 3.Bg2 d5 4.d4 Be7 5.Nc3 O-O 6.Nf3 c5 7.cxd5 exd5 8.O-O 
cxd4 9.Nxd4 Nc6 10.Nb3 Be6 11.Be3 Qc8 12.Rc1 Rd8 13.Nb5 Bh3 14.Nxa7 Qd7 
15.Nxc6 bxc6 16.a3 Bxg2 17.Kxg2 Qb7 18.Kg1 Ne4 19.Nd4 c5 20.Nf5 Bf6 21.f3 
d4 22.Bf4 Ng5 23.Qd2 Nh3+ 24.Kh1 Nxf4 25.gxf4 d3 26.exd3 Qxb2 27.Qxb2 Bxb2
28.Rxc5 Rxd3 29.a4 g6 30.Ng3 Rxa4 31.f5 Rf4 32.Kg2 Rd2+ 33.Kh3 Rd3 34.Kg2 
Rd2+ 35.Kh3 g5 36.Ne4 Rh4+ 37.Kg3 Rdxh2 38.Nxg5 h6 39.Ne4 R2h3+ 40.Kg2 
Rh2+ 41.Kg3 Bd4 42.Rd5 Be3 43.f4 R4h3+ 44.Kg4 Kg7 45.f6+ Kg6 46.f5+ Kh7 
47.Ng3 h5+ 48.Kf3 Bg5 49.Rd7 h4 50.Rxf7+ Kh6 51.Rg1 hxg3 52.Rxg3 Rxg3+ 53.
Kxg3 Rb2 54.Rg7 Rb3+ 1/2-1/2

[Event "POL-chT3"]
[Site "Jastrzebia Gora POL"]
[Date "2016.09.10"]
[Round "8.61"]
[White "Stanach, Fabian"]
[Black "Pulik, Krzysztof"]
[Result "1/2-1/2"]
[WhiteElo "2062"]
[BlackElo "2171"]
[EventDate "2016.09.02"]

1.Nf3 d5 2.c4 e6 3.b3 c5 4.g3 Nf6 5.Bg2 Be7 6.O-O O-O 7.e3 Nc6 8.Bb2 b6 9.
Qe2 Ba6 10.Nc3 Rc8 11.Nb5 Bb7 12.Rfd1 a6 13.Na3 Rc7 14.d4 Qa8 15.cxd5 exd5
16.Nc2 Ne4 17.dxc5 bxc5 18.Nd2 f5 19.Ne1 a5 20.Bh3 Ng5 21.Bg2 Rd7 22.h4 
Ne6 23.Nc4 Qd8 24.Ne5 Nxe5 25.Bxe5 Qb6 26.Rac1 Ba6 27.Qc2 d4 28.Nf3 d3 29.
Qb2 a4 30.Bc3 Rc8 31.Ne5 Rdd8 32.Bf1 Bf6 33.Nxd3 Bxc3 34.Qxc3 axb3 35.Qxb3
Qxb3 36.axb3 Rb8 37.Ra1 Rb6 38.Ne5 Rxd1 39.Rxd1 Bxf1 40.Kxf1 g6 41.Rd3 g5 
42.Rc3 gxh4 43.gxh4 Kg7 44.Kg2 f4 45.Nd3 fxe3 46.fxe3 Kg6 47.Nxc5 Nxc5 48.
Rxc5 Rxb3 49.Kf3 Rb1 50.Rg5+ Kf6 51.Rh5 Kg6 52.Rg5+ Kf6 53.Ra5 Rh1 54.Kg4 
Re1 55.Rf5+ Kg6 56.Rf3 Rg1+ 57.Rg3 Rf1 58.Rf3 Rg1+ 59.Kf4 Rh1 60.Kg3 Rg1+ 
61.Kf2 Rg4 62.Rf4 Rxf4+ 63.exf4 Kf5 64.Kf3 Kf6 65.Kg4 Kg6 66.f5+ Kf6 67.
Kf4 Kf7 68.Ke5 Ke7 69.f6+ Kf7 70.Kf5 Kf8 71.Ke6 Ke8 72.f7+ Kf8 73.Kf6 h6 
74.Kg6 h5 75.Kf6 1/2-1/2

[Event "POL-chT3"]
[Site "Jastrzebia Gora POL"]
[Date "2016.09.10"]
[Round "8.62"]
[White "Kardys, Zbigniew"]
[Black "Kudas, Damian"]
[Result "1-0"]
[WhiteElo "1986"]
[BlackElo "2135"]
[EventDate "2016.09.02"]

1.e4 c5 2.Nf3 e6 3.d4 cxd4 4.Nxd4 Nf6 5.Nc3 d6 6.g4 h6 7.h4 Nc6 8.Rg1 d5 
9.exd5 Nxd5 10.Nxd5 exd5 11.g5 hxg5 12.hxg5 Rh4 13.Be3 Be7 14.f4 Kf8 15.
Qd2 Nxd4 16.Qxd4 Bf5 17.O-O-O Rc8 18.Bd3 Bxd3 19.Qxd3 Qc7 20.Rh1 Rxh1 21.
Rxh1 Bc5 22.Bxc5+ Qxc5 23.Rh8+ Ke7 24.Qe2+ Kd6 25.Qe5+ Kd7 26.Qf5+ Ke7 27.
Rxc8 Qe3+ 28.Kd1 Qf3+ 29.Kd2 1-0

[Event "POL-chT3"]
[Site "Jastrzebia Gora POL"]
[Date "2016.09.10"]
[Round "8.63"]
[White "Adamowicz, Katarzyna"]
[Black "Lewtak, Dominik"]
[Result "1-0"]
[WhiteElo "2173"]
[BlackElo "2095"]
[EventDate "2016.09.02"]

1.e4 e5 2.Nf3 Nc6 3.Bc4 Bc5 4.c3 Nf6 5.d3 d6 6.Nbd2 O-O 7.h3 Bb6 8.Bb3 Be6
9.Bc2 d5 10.Qe2 dxe4 11.dxe4 Qe7 12.Nf1 Qc5 13.Be3 Qa5 14.Ng3 Bxe3 15.Qxe3
Qb6 16.Qxb6 axb6 17.a4 h6 18.O-O Rfd8 19.b4 Nd7 20.Nf5 Kf8 21.Rfd1 f6 22.
Nd2 Ne7 23.Nf1 h5 24.N1e3 Rac8 25.Nd5 Ng8 26.c4 g6 27.Nfe3 c6 28.Nc3 Ke7 
29.Bd3 Nh6 30.a5 Ra8 31.axb6 Nxb6 32.Rxa8 Rxa8 33.c5 Nd7 34.Bc4 Ra3 35.Rd3
Ra1+ 36.Kh2 Nf7 37.Bxe6 Kxe6 38.Nc4 Ra8 39.Rxd7 b5 40.Nb6 Ra3 41.Nxb5 cxb5
42.c6 Rc3 43.Nd5 Rxc6 44.Re7+ Kd6 45.Rxf7 Rc4 46.Rxf6+ Kd7 47.Nb6+ 1-0

[Event "POL-chT3"]
[Site "Jastrzebia Gora POL"]
[Date "2016.09.10"]
[Round "8.64"]
[White "Wozniak, Maciej"]
[Black "Lach, Piotr"]
[Result "1/2-1/2"]
[WhiteElo "2075"]
[BlackElo "2135"]
[EventDate "2016.09.02"]

1.e4 c5 2.Nf3 d6 3.d4 cxd4 4.Nxd4 Nf6 5.Nc3 a6 6.Bg5 e6 7.f4 h6 8.Bh4 Qb6 
9.Qd2 Nc6 10.Bxf6 gxf6 11.Nb3 Bd7 12.O-O-O O-O-O 13.Kb1 Kb8 14.Be2 h5 15.
Rhf1 Be7 16.Rf3 h4 17.Bf1 Na7 18.Nd4 Nc6 19.Nb3 Na7 20.Nc1 Bc6 21.Rd3 Nb5 
22.Nxb5 axb5 23.Qe1 Rhe8 24.Rb3 b4 25.Rxb4 Qc7 26.Rbd4 d5 27.exd5 Bxd5 28.
Nb3 f5 29.Qf2 Bxb3 30.Rxd8+ Rxd8 31.Rxd8+ Qxd8 32.axb3 Qd1+ 33.Ka2 Qd5 34.
Qb6 Qc5 35.Qb5 Qxb5 36.Bxb5 Kc7 37.Be8 f6 38.g3 hxg3 39.hxg3 Bc5 40.Bh5 
Bf2 41.g4 fxg4 42.Bxg4 f5 43.Bh3 Be3 44.b4 Bxf4 45.Kb3 Be5 46.c3 b5 47.Kc2
Bd6 48.Kd3 Kc6 49.Bg2+ Kb6 50.Kd4 Kc7 51.b3 Kb6 52.c4 Bxb4 53.Ke5 bxc4 54.
bxc4 Kc5 55.Kxe6 1/2-1/2

[Event "POL-chT3"]
[Site "Jastrzebia Gora POL"]
[Date "2016.09.10"]
[Round "8.66"]
[White "Krzyzanowska-zadlo, Lidia"]
[Black "Chrzaszcz, Malvina"]
[Result "1-0"]
[WhiteElo "1848"]
[BlackElo "2050"]
[EventDate "2016.09.02"]

1.e4 c5 2.Nc3 Nc6 3.f4 g6 4.Nf3 Bg7 5.Bc4 d6 6.O-O e6 7.d3 Nge7 8.Qe1 O-O 
9.Qh4 a6 10.a4 Nd4 11.Nxd4 cxd4 12.Ne2 d5 13.exd5 Nxd5 14.Qxd8 Rxd8 15.Bd2
Rb8 16.a5 Ne7 17.g4 Nc6 18.Ng3 Bd7 19.Rae1 b5 20.axb6 Rxb6 21.b3 Nb4 22.f5
Nxc2 23.fxe6 fxe6 24.Ba5 Nxe1 25.Bxb6 Rb8 26.Bc7 Rb7 27.Bd6 Nc2 28.Ne4 Ne3
29.Re1 Nxc4 30.bxc4 Rb6 31.c5 Rc6 32.Rb1 a5 33.Rb7 Bc8 34.Rb8 a4 35.Ra8 a3
36.Rxa3 Ba6 37.g5 h6 38.h4 hxg5 39.hxg5 Kf7 40.Rb3 Rc8 41.Kf2 e5 42.Ra3 
Rc6 43.Ke2 Ke6 44.Kd2 Kd5 45.Ra5 Ke6 46.Ra1 Kd7 47.Rh1 Rxd6 48.cxd6 Bf8 
1-0

[Event "POL-chT3"]
[Site "Jastrzebia Gora POL"]
[Date "2016.09.10"]
[Round "8.68"]
[White "Janiszewski, Maciej"]
[Black "Zaskalski, Arkadiusz"]
[Result "1/2-1/2"]
[WhiteElo "2129"]
[BlackElo "2142"]
[EventDate "2016.09.02"]

1.Nf3 c5 2.c4 Nc6 3.d4 cxd4 4.Nxd4 g6 5.e4 Nf6 6.Nc3 Nxd4 7.Qxd4 d6 8.Be3 
Bg7 9.Be2 O-O 10.Qd2 Be6 11.O-O Qa5 12.f3 Rfc8 13.b3 Ng4 14.Bd4 Bxd4+ 15.
Qxd4 Qe5 16.Qxe5 Nxe5 17.f4 Nc6 18.f5 Bd7 19.Nd5 f6 20.Rad1 Be8 21.b4 Bf7 
22.fxg6 hxg6 23.Bg4 Rd8 24.b5 Ne5 25.Bh3 Nxc4 26.Nxe7+ Kg7 27.Rd4 a6 28.b6
Nxb6 29.Rc1 Re8 30.Rc7 Kf8 31.Nxg6+ Bxg6 32.Rxd6 Re7 33.Rxf6+ Bf7 34.Rxe7 
Kxe7 35.Rxb6 Bxa2 36.Bf5 a5 37.Rxb7+ Kf6 38.Kf2 a4 39.Ke3 Ke5 40.Rb5+ Kf6 
41.g4 a3 42.g5+ Kg7 43.Rb7+ Kg8 44.e5 Bd5 45.Rb1 a2 46.Ra1 Ra4 47.e6 Kf8 
48.g6 Ra6 49.Kf4 Bxe6 50.Bxe6 Rxe6 51.Kf5 Ra6 52.h4 Kg7 53.h5 Ra5+ 54.Kg4 
Kh6 55.Kf4 Rxh5 56.Ke4 1/2-1/2

[Event "POL-chT3"]
[Site "Jastrzebia Gora POL"]
[Date "2016.09.10"]
[Round "8.69"]
[White "Augustyn, Sebastian"]
[Black "Sek, Joachim"]
[Result "1-0"]
[WhiteElo "2116"]
[BlackElo "2054"]
[EventDate "2016.09.02"]

1.e4 e6 2.d4 d5 3.Nc3 Bb4 4.Qd3 dxe4 5.Qxe4 Nf6 6.Qh4 Nc6 7.Nf3 Ne7 8.Bd3 
Ned5 9.Bd2 Be7 10.Bg5 Nxc3 11.bxc3 Nd5 12.Qg3 Bxg5 13.Nxg5 Nf6 14.O-O h6 
15.Nf3 O-O 16.Ne5 Qd6 17.f4 c5 18.Qe3 b6 19.dxc5 Qxc5 20.Qxc5 bxc5 21.Rab1
Nd5 22.c4 Nb4 23.Be4 Rb8 24.a3 Na6 25.Nc6 Rxb1 26.Rxb1 Bd7 27.Nxa7 Rb8 28.
Rxb8+ Nxb8 29.Bb7 Ba4 30.Be4 f5 31.Bd3 Kf7 32.Kf2 Ke8 33.Ke3 Kd7 34.Nb5 
Na6 35.g3 Nc7 36.h3 Ne8 37.g4 g6 38.gxf5 gxf5 39.Kf3 Nd6 40.Kg3 Bxb5 41.
cxb5 c4 42.Bf1 Nxb5 43.a4 Na3 44.Kh4 Nxc2 45.Bxc4 Ne3 46.Bb3 Nd5 47.Bxd5 
exd5 48.Kg3 Kc6 49.Kf3 Kc5 50.Ke3 Kc4 51.Kd2 1-0

[Event "POL-chT3"]
[Site "Jastrzebia Gora POL"]
[Date "2016.09.10"]
[Round "8.70"]
[White "Pochcial, Jan"]
[Black "Markiewicz, Mateusz"]
[Result "0-1"]
[WhiteElo "2009"]
[BlackElo "2044"]
[EventDate "2016.09.02"]

1.e4 c5 2.Nf3 Nf6 3.Nc3 d5 4.exd5 Nxd5 5.Bb5+ Bd7 6.Ne5 Bxb5 7.Qf3 f6 8.
Qxd5 Qxd5 9.Nxd5 Na6 10.a4 O-O-O 11.axb5 Rxd5 12.Nc4 Nb4 13.Kd1 Kb8 14.f4 
e6 15.Re1 Bd6 16.Rxe6 Bxf4 17.g3 Bh6 18.d3 Bxc1 19.Kxc1 Rf5 20.Kd2 Rf2+ 
21.Re2 Rxe2+ 22.Kxe2 Nxc2 23.Rf1 Re8+ 24.Kd2 Nd4 25.Rf2 Nxb5 26.Ne3 Nd4 
27.g4 b6 28.Nf5 Nxf5 29.gxf5 Re5 30.Kc3 Kc7 31.Rg2 Re7 32.h4 Kd7 33.Kc4 
Ke8 34.b3 Kf7 35.Ra2 g6 36.d4 cxd4 37.fxg6+ hxg6 38.Kxd4 f5 39.Kd5 Kf6 40.
b4 f4 41.b5 Kf5 42.Rg2 f3 43.Rg5+ Kf4 44.Rxg6 Re5+ 0-1

[Event "POL-chT3"]
[Site "Jastrzebia Gora POL"]
[Date "2016.09.10"]
[Round "8.71"]
[White "Tatarczany, Piotr"]
[Black "Matuszczyk, Krystian"]
[Result "0-1"]
[WhiteElo "1528"]
[BlackElo "1853"]
[EventDate "2016.09.02"]

1.d4 Nf6 2.Nf3 g6 3.c4 Bg7 4.Nc3 O-O 5.e4 d6 6.Be2 Nbd7 7.h3 e5 8.d5 Nc5 
9.Qc2 a5 10.Be3 b6 11.O-O h6 12.a3 a4 13.Nd2 Bd7 14.f4 exf4 15.Bxf4 Qe7 
16.Bf3 g5 17.Be3 g4 18.hxg4 Nxg4 19.Bxg4 Bxg4 20.Rae1 Qh4 21.Nf3 Bxf3 22.
gxf3 Be5 23.Re2 Kh8 24.f4 Rg8+ 25.Rg2 Rxg2+ 26.Qxg2 Rg8 27.Qxg8+ Kxg8 28.
fxe5 Qg3+ 29.Kh1 Qh3+ 0-1

[Event "POL-chT3"]
[Site "Jastrzebia Gora POL"]
[Date "2016.09.10"]
[Round "8.72"]
[White "Gorczyca, Aleksandra"]
[Black "Jalowiec, Halina"]
[Result "1-0"]
[WhiteElo "2106"]
[BlackElo "1932"]
[EventDate "2016.09.02"]

1.d4 d5 2.c4 e6 3.Nf3 Nf6 4.Nc3 Be7 5.Bg5 O-O 6.e3 Nbd7 7.Bd3 dxc4 8.Bxc4 
c5 9.O-O cxd4 10.Nxd4 e5 11.Nf5 Nb6 12.Nxe7+ Qxe7 13.Bb3 h6 14.Bh4 g5 15.
Bg3 Rd8 16.Qc2 Kg7 17.Rae1 Nh5 18.Qe2 Nf6 19.Qb5 Nbd7 20.f4 a6 21.Qa4 b5 
22.Qa5 Bb7 23.Qc7 exf4 24.Bf2 Be4 25.Nxe4 Qxe4 26.exf4 Qxf4 27.Qxf4 gxf4 
28.Re7 Re8 29.Rxf7+ Kg6 30.Bh4 Re4 31.Rd1 Re3 32.Rd6 Rxb3 33.Rfxd7 Rxb2 
34.Bxf6 Rxa2 35.h3 f3 36.Bc3+ Kf5 37.Rf6+ Ke4 38.Rxf3 Ra4 39.Re7+ Kd5 40.
Re5+ Kc4 41.Rh5 Rc8 42.Bd2 b4 43.Rh4+ Kb5 44.Rxh6 Ra1+ 45.Kh2 a5 46.Rf5+ 
Kc4 47.Rb6 b3 48.Bxa5 Ra8 49.Rb4+ Kd3 50.Rxb3+ Ke4 51.Rbb5 1-0

[Event "POL-chT3"]
[Site "Jastrzebia Gora POL"]
[Date "2016.09.10"]
[Round "8.73"]
[White "Walter, Szymon"]
[Black "Cajbel, Maciej"]
[Result "1-0"]
[WhiteElo "2261"]
[BlackElo "2198"]
[EventDate "2016.09.02"]

1.e4 c5 2.Nc3 a6 3.Nf3 e6 4.d4 cxd4 5.Nxd4 Qc7 6.Qf3 Nc6 7.Be3 b5 8.Nxc6 
Qxc6 9.Bd3 Bb7 10.O-O-O b4 11.Ne2 Nf6 12.Nd4 Qc7 13.Rhe1 Be7 14.g4 d5 15.
e5 Ne4 16.Qh3 Qxe5 17.f3 Nc5 18.Kb1 Nxd3 19.cxd3 Qd6 20.g5 O-O 21.f4 Rfe8 
22.Qg3 a5 23.h4 Ba6 24.h5 a4 25.Nf3 Rac8 26.h6 g6 27.Bd4 Qc7 28.Ne5 Qc2+ 
29.Ka1 a3 30.Ng4 Rc3 31.Rb1 Rxd3 32.Qg1 axb2+ 33.Rxb2 Qa4 34.Rc1 Bc4 35.
Qe1 Ra8 36.Qe5 f6 37.Qxe6+ Kf8 38.gxf6 Qxa2+ 39.Rxa2 Rxa2+ 40.Kb1 1-0

[Event "POL-chT3"]
[Site "Jastrzebia Gora POL"]
[Date "2016.09.10"]
[Round "8.74"]
[White "Zareba, Radoslaw"]
[Black "Dzierzak, Radoslaw"]
[Result "0-1"]
[WhiteElo "2093"]
[BlackElo "2204"]
[EventDate "2016.09.02"]

1.e4 c5 2.Nf3 e6 3.b3 b6 4.c4 Bb7 5.Nc3 Nc6 6.d4 cxd4 7.Nxd4 Qf6 8.Ndb5 a6
9.Nc7+ Kd8 10.Nxa8 Qxc3+ 11.Bd2 Qd4 12.Nxb6 Qxb6 13.Be2 Bc5 14.O-O Nf6 15.
Bf3 Ne5 16.Bc3 Nxf3+ 17.gxf3 Qc7 18.Qd2 Ke8 19.Rad1 h5 20.b4 Ba7 21.Qd6 
Qxd6 22.Rxd6 Rh6 23.Rfd1 Bc6 24.a4 Rg6+ 25.Kf1 Bxa4 26.Rb1 Bb8 27.Rxa6 Bc2
28.Ra8 Bxb1 29.Rxb8+ Ke7 30.Ke2 d6 31.b5 Nd7 32.Ra8 Rg1 33.Bb4 Rc1 34.Ra6 
Nc5 35.e5 Nxa6 36.exd6+ Kd7 37.bxa6 Rc2+ 38.Ke3 Ra2 0-1

[Event "POL-chT3"]
[Site "Jastrzebia Gora POL"]
[Date "2016.09.10"]
[Round "8.75"]
[White "Kastelik, Adrian"]
[Black "Czachor, Grzegorz"]
[Result "0-1"]
[WhiteElo "2114"]
[BlackElo "2078"]
[EventDate "2016.09.02"]

1.d4 c5 2.c3 Nf6 3.Nf3 e6 4.Nbd2 cxd4 5.cxd4 Be7 6.e4 d6 7.Bd3 O-O 8.Qe2 
Nc6 9.e5 dxe5 10.dxe5 Nd5 11.Qe4 g6 12.O-O Nb6 13.Qe3 Qd5 14.Be4 Qc5 15.
Qf4 f5 16.exf6 Bxf6 17.Nb3 Qc4 18.Nbd2 Qb4 19.Qg3 Nd4 20.Nxd4 Qxd4 21.Re1 
Be5 22.Qe3 Qd6 23.Nf3 Bg7 24.Qb3 Bd7 25.Bg5 Ba4 26.Qe3 Rf7 27.Rab1 Nd5 28.
Qd2 Rc8 29.Rbc1 Rcf8 30.Bh4 Bc6 31.Bg3 Qd7 32.a3 Ba4 33.Rc5 Bc6 34.Rcc1 
Qd8 35.Bb1 Qb6 36.b4 Nf4 37.Ng5 Rd7 38.Qc2 Nd3 39.Nxe6 Nxe1 40.Rxe1 Re8 
41.Ba2 Bd5 42.Qd2 Bxa2 43.Qxa2 Kh8 44.Kf1 Rde7 45.Qc4 Rxe6 46.Rxe6 Qxe6 
0-1

[Event "POL-chT3"]
[Site "Jastrzebia Gora POL"]
[Date "2016.09.10"]
[Round "8.76"]
[White "Klukiewicz, Piotr"]
[Black "Mucha, Piotr"]
[Result "0-1"]
[WhiteElo "2011"]
[BlackElo "2161"]
[EventDate "2016.09.02"]

1.c4 e5 2.Nc3 Nc6 3.g3 Bc5 4.Bg2 d6 5.e3 a6 6.Nge2 Ba7 7.O-O h5 8.d4 h4 9.
Nd5 hxg3 10.fxg3 Nh6 11.Nec3 exd4 12.exd4 Be6 13.Bxh6 Rxh6 14.Ne2 Qd7 15.
b4 O-O-O 16.b5 axb5 17.cxb5 Bxd5 18.Bxd5 Ne5 19.Qc2 Kb8 0-1

[Event "POL-chT3"]
[Site "Jastrzebia Gora POL"]
[Date "2016.09.10"]
[Round "8.77"]
[White "Faron, Rafal"]
[Black "Krupa, Jerzy"]
[Result "1-0"]
[WhiteElo "2062"]
[BlackElo "1817"]
[EventDate "2016.09.02"]

1.d4 c5 2.d5 d6 3.c4 e5 4.Nc3 Be7 5.Nf3 Bg4 6.g3 a6 7.h3 Bxf3 8.exf3 Nd7 
9.h4 Rb8 10.a4 h6 11.Bh3 Ngf6 12.Qc2 O-O 13.b3 Re8 14.O-O Bf8 15.Bd2 g6 
16.Rae1 Bg7 17.Re2 Kh7 18.Rfe1 Qc7 19.Kh2 b6 20.Kg1 Rbd8 21.Kg2 Rb8 22.Rh1
Nh5 23.Bg4 Nhf6 24.h5 Nf8 25.hxg6+ fxg6 26.Ne4 Nxe4 27.Qxe4 b5 28.axb5 
axb5 29.Ree1 bxc4 30.bxc4 Qf7 31.Rh2 Nd7 32.Bxh6 Bxh6 33.Qe3 g5 34.Qxg5 
Qg7 35.Rxh6+ Qxh6 36.Bf5+ 1-0

[Event "POL-chT3"]
[Site "Jastrzebia Gora POL"]
[Date "2016.09.10"]
[Round "8.78"]
[White "Zdziarska-zareba, Lidia"]
[Black "Binkowska, Agata"]
[Result "0-1"]
[WhiteElo "1884"]
[BlackElo "1776"]
[EventDate "2016.09.02"]

1.e4 c5 2.Nf3 e6 3.d3 g6 4.g3 Bg7 5.Bg2 Ne7 6.Nbd2 Nbc6 7.O-O O-O 8.Re1 d6
9.h4 e5 10.Nf1 h6 11.c3 f5 12.Qb3+ Kh8 13.exf5 Bxf5 14.Qd1 Qd7 15.Kh2 d5 
16.Qe2 Rf7 17.Ng1 Raf8 18.f4 Bf6 19.Bh3 exf4 20.g4 Qd6 21.Nf3 Bc8 22.Bd2 
Bxh4 23.Ne5 f3 24.Qe3 Bg5 25.Qf2 Nxe5 26.Qg3 Bf4 27.Bxf4 Rxf4 28.g5 Bxh3 
29.Qxh3 Ng4+ 30.Kg1 f2+ 31.Kg2 fxe1=Q 32.Rxe1 Rf2+ 33.Kg1 Qf4 34.Ne3 Nxe3 
35.Qxh6+ Kg8 36.Qh3 Rg2+ 37.Kh1 Qf1+ 0-1

[Event "POL-chT3"]
[Site "Jastrzebia Gora POL"]
[Date "2016.09.10"]
[Round "8.79"]
[White "Tomaszewski, Kacper"]
[Black "Zakrzewski, Marek"]
[Result "1/2-1/2"]
[WhiteElo "2185"]
[BlackElo "2233"]
[EventDate "2016.09.02"]

1.d4 Nf6 2.c4 e6 3.Nf3 Bb4+ 4.Nbd2 O-O 5.a3 Be7 6.b4 d5 7.e3 a5 8.b5 c5 9.
bxc6 bxc6 10.Be2 Nbd7 11.O-O c5 12.Bb2 Bb7 13.Rc1 cxd4 14.Nxd4 Nc5 15.Nb5 
Qd7 16.Nf3 dxc4 17.Bxc4 Qxd1 18.Rfxd1 Rfd8 19.Bd4 Rac8 20.Ne5 Ncd7 21.Na7 
Rc7 22.Nb5 Rcc8 23.Na7 Rc7 24.Nb5 Rcc8 25.Na7 1/2-1/2

[Event "POL-chT3"]
[Site "Jastrzebia Gora POL"]
[Date "2016.09.10"]
[Round "8.80"]
[White "Niekras, Dawid"]
[Black "Smolka, Marcin"]
[Result "0-1"]
[WhiteElo "2326"]
[BlackElo "2184"]
[EventDate "2016.09.02"]

1.e4 e5 2.Nf3 Nf6 3.d4 Nxe4 4.Bd3 d5 5.dxe5 Nc6 6.Qe2 Nc5 7.Bb5 Be7 8.Nd4 
Bd7 9.Bxc6 bxc6 10.Be3 O-O 11.Nd2 Na4 12.b3 c5 13.N4f3 Nc3 14.Qd3 d4 15.
Nc4 Bc6 16.Bxd4 cxd4 17.Nxd4 Bxg2 18.Rg1 Bc5 19.Nf5 Qxd3 20.cxd3 Bh3 21.
Nxg7 Kh8 22.Nh5 Rg8 23.Rg3 Nd5 24.O-O-O Bg4 25.Nf6 Nxf6 26.f3 Bf2 27.Rg2 
Bxf3 28.Rxf2 Bxd1 29.exf6 Bh5 0-1